Total social media users by country - Statistics

General Stats
  • This quiz has been taken 33 times
  • The average score is 16 of 20
Answer Stats
Number of Users Country % Correct
930 Million United States
100%
1.9 Billion India
97%
177 Million France
94%
259 Million Japan
94%
700 Million Brazil
91%
223 Million Germany
91%
147 Million Spain
88%
208 Million United Kingdom
88%
178 Million Italy
85%
391 Million Mexico
85%
170 Million Nigeria
79%
189 Million Bangladesh
76%
188 Million Egypt
76%
624 Million Indonesia
76%
262 Million Pakistan
76%
267 Million Türkiye
76%
259 Million Vietnam
76%
245 Million Philippines
70%
195 Million Thailand
67%
160 Million Colombia
55%
No matching quizzes found
Score Distribution
Percent of People with Each Score
Percentile by Number Answered
Your Score History
You have not taken this quiz